Toxicita pesticidního přípravku Nuvacron 40 SCW na některé organismy vodního prostředí

Bibliographic Details
Main Author: Wohlgemuth, Evžen (Author)
Format: Article
Language:Slovak
Czech
PhysicalDescription:Tb. 2., lit. 10 zázn. v češ., angl., ruš.
Subjects:

MARC

LEADER 00000nab a2200000 a 4500
001 vtls000156801
003 SK-MaSNL
005 20260304073743.0
008 250423c1983 xo 0 slo
015 |a SNBRB19rr/mm-uuuuu 
035 |a CL0166908 
035 |a urn:nbn:sk:snk-abbcjm 
035 |a (urnnbn)urn:nbn:sk:snk:ar-00615u 
035 |a (uuid)4da69d37-cd72-47f9-a421-43e95449e9b0 
040 |a SNKBUCL  |b slo  |c SNKBUCL  |e AACR2 
041 0 |a cze 
044 |a xo  |c SK 
080 |a 632.951  |2 1981 
080 |a 638.2.09  |2 1981 
100 1 |a Wohlgemuth, Evžen  |4 aut  |9 937850 
245 1 0 |a Toxicita pesticidního přípravku Nuvacron 40 SCW na některé organismy vodního prostředí  |c Evžen Wohlgemuth 
300 |b Tb. 2., lit. 10 zázn. v češ., angl., ruš. 
650 0 7 |a prípravky chemické  |2 snkbucl  |9 923332 
650 0 7 |a Nuvacron 40 SCW  |2 snkbucl  |9 1347107 
650 0 7 |a ryby  |2 snkbucl  |9 2750 
650 0 7 |a vodné živočíchy  |2 snkbucl  |9 69459 
650 0 7 |a toxicita  |2 snkbucl  |9 17966 
655 7 |a články z novín a časopisov  |2 snkbucl  |9 267496 
773 0 |t Agrochémia  |g Roč. 23, č. 5 (1983), s. 133-135 
850 |a Slovenská národná knižnica 
852 |a Slovenská národná knižnica 
954 |a odborná, vedecká literatúra cudzojazyčná (svetová)  |2 lita 
954 |a odborná, vedecká literatúra pôvodná (slovenská)  |2 lita 
958 |a article15 
958 |a OND 
958 |a NB 
958 |a RK 
958 |a CZ 
958 |a EUIPO 
992 |a RBX 
999 |c 2773207  |d 2775137